Personality research, methods, and theory : (Record no. 2935)

000 -LEADER
fixed length control field 01395cam a2200337 a 4500
001 - CONTROL NUMBER
control field 651808
003 - CONTROL NUMBER IDENTIFIER
control field OSt
005 - DATE AND TIME OF LATEST TRANSACTION
control field 20180117085952.0
008 - FIXED-LENGTH DATA ELEMENTS--GENERAL INFORMATION
fixed length control field 940325s1995 nju b 011 0 eng
010 ## - LIBRARY OF CONGRESS CONTROL NUMBER
LC control number 94011068
020 ## - INTERNATIONAL STANDARD BOOK NUMBER
International Standard Book Number 0805812709 (alk. paper)
020 ## - INTERNATIONAL STANDARD BOOK NUMBER
International Standard Book Number 0805812717 (pbk. : alk. paper)
040 ## - CATALOGING SOURCE
Original cataloging agency DLC
Transcribing agency DLC
Modifying agency DLC
050 00 - LIBRARY OF CONGRESS CALL NUMBER
Classification number BF698.4
Item number .P49 1995
082 00 - DEWEY DECIMAL CLASSIFICATION NUMBER
Classification number 155.2/072
Edition number 20
245 00 - TITLE STATEMENT
Title Personality research, methods, and theory :
Remainder of title a festschrift honoring Donald W. Fiske /
Statement of responsibility, etc. edited by Patrick E. Shrout, Susan T. Fiske.
260 ## - PUBLICATION, DISTRIBUTION, ETC.
Place of publication, distribution, etc. Hillsdale, N.J. :
Name of publisher, distributor, etc. L. Erlbaum Associates,
Date of publication, distribution, etc. 1995.
300 ## - PHYSICAL DESCRIPTION
Extent x, 375 p. ;
Dimensions 23 cm.
504 ## - BIBLIOGRAPHY, ETC. NOTE
Bibliography, etc. note Includes bibliographical references and indexes.
600 10 - SUBJECT ADDED ENTRY--PERSONAL NAME
Personal name Fiske, Donald Winslow,
Dates associated with a name 1916-
650 #0 - SUBJECT ADDED ENTRY--TOPICAL TERM
Topical term or geographic name entry element Personality
General subdivision Research
-- Methodology.
650 #0 - SUBJECT ADDED ENTRY--TOPICAL TERM
Topical term or geographic name entry element Personality assessment.
700 1# - ADDED ENTRY--PERSONAL NAME
Personal name Fiske, Donald Winslow,
Dates associated with a name 1916-
700 1# - ADDED ENTRY--PERSONAL NAME
Personal name Shrout, Patrick E.
700 1# - ADDED ENTRY--PERSONAL NAME
Personal name Fiske, Susan T.
856 42 - ELECTRONIC LOCATION AND ACCESS
Materials specified Publisher description
Uniform Resource Identifier <a href="http://www.loc.gov/catdir/enhancements/fy0742/94011068-d.html">http://www.loc.gov/catdir/enhancements/fy0742/94011068-d.html</a>
906 ## - LOCAL DATA ELEMENT F, LDF (RLIN)
a 7
b cbc
c orignew
d 1
e ocip
f 19
g y-gencatlg
942 ## - ADDED ENTRY ELEMENTS (KOHA)
Source of classification or shelving scheme
Koha item type Book
Holdings
Withdrawn status Lost status Source of classification or shelving scheme Damaged status Not for loan Collection code Permanent Location Current Location Shelving location Date acquired Total Checkouts Full call number Barcode Date last seen Date last checked out Price effective from Koha item type
            Central Library (CL) Central Library (CL) General Stacks 03/26/2016 1 155.2/072 PER S3H-N-284 04/14/2023 11/25/2020 03/26/2016 Book
© 2023 Central Library, National University of Sciences and Technology. All Rights Reserved.